1393 1473 1480 1210 1706 1367 1530 1007 1191 1529 1260 1083 1281 1323 1706 1755 1469 1511 1265 1322 1155 1437 1418 1970 1628 1764 1604 1944 1782 1426 1888 1587 1409 1305 1819 1645 1317 1659 1526 1344 1126 1041 1956 1615 1253 1225 1221 1498 1909 1305 1431 1701 1032 1483 1989 1712 1935 1845 1739 1628 1500 1132 1666 1352 1433 1302 1608 1612 1363 1199 1922 1466 1664 1747 1770 1393 1228 1992 1155 1468 1001 1452 1774 1250 1158 1487 1360 1937 1263 1425 1058 1302 1343 1180 1638 1086 1419 1249 1602 BCNSPRNW ULIB Ver.6.0+V

เปลี่ยนเป็นภาษาไทย

Change to English
 แสดงรายละเอียดบรรณานุกรม
  กลับหน้าหลัก

Brief Record : Get Marc (ISO 2709) : E-mail record : QR code < ปิดหน้าต่าง
LEADER : 00000nam 2200000uu 4500
001    13399120067
003     ULIB
008    120828s2554||||th 000 0 tha d
020    ^a9786161100308 (ล.1)
040    ^abra
060 04 ^aQV4^bภ781 ล.1
245 00 ^aเภสัชวิทยา^nเล่ม 1 =^bPharmacology I /^cบรรณาธิการ,พยงค์ เทพอักษร, โพยม วงศ์ภูวรักษ์
246 31 ^aPharmacology I
250    ^aพิมพ์ครั้งที่ 4
260    ^aนนทบุรี :^bโครงการสวัสดิการวิชาการ สถาบันพระบรมราชชนก,^c2554
300    ^a119 หน้า :^bภาพประกอบ ;^c27 ซม.
650  2 ^aPharmacology
650  7 ^aเภสัชวิทยา
700 0  ^aพยงค์ เทพอักษร,^eบรรณาธิการ
700 0  ^aโพยม วงศ์ภูวรักษ์,^eบรรณาธิการ
710 2  ^aสถาบันพระบรมราชชนก. ^bโครงการสวัสดิการวิชาการ
945    ^p120^l0^i032590
945    ^p120^l0^i032591
945    ^p120^l0^i032592
995    ^aทศพร
999    ^aทศพร
รายการนี้ยังไม่มีแท็ก
คุณยังไม่ได้ล็อกอิน คุณสามารถมีกิจกรรมร่วมกับเว็บไซต์ได้ แต่ต้องล็อกอินก่อน ::
  ล็อกอิน

รายการสื่อสารสนเทศ

ลำดับที่ ประเภท เลขเรียก/บาร์โค้ด สถานที่ สถานะ
1. วิทยาศาสตร์การแพทย์ และสุขภาพ
หนังสือสำรอง
สถานะ=หนังสือสำรอง
QV4 ภ781 ล.1 ฉ.1 
  Barcode: 032590
ห้องสมุดวิทยาเขตสวรรค์ประชารักษ์
►ส่วนจัดเก็บหนังสือเก่า สปร
บนชั้น
  ขอยืม
2. วิทยาศาสตร์การแพทย์ และสุขภาพ
วิทยาศาสตร์การแพทย์ และสุขภาพ
QV4 ภ781 ล.1 ฉ.2 
  Barcode: 032591
ห้องสมุดวิทยาเขตสวรรค์ประชารักษ์
►ส่วนจัดเก็บหนังสือเก่า สปร
บนชั้น
  ขอยืม
3. วิทยาศาสตร์การแพทย์ และสุขภาพ
วิทยาศาสตร์การแพทย์ และสุขภาพ
QV4 ภ781 ล.1 ฉ.3 
  Barcode: 032592
ห้องสมุดวิทยาเขตสวรรค์ประชารักษ์
►ส่วนจัดเก็บหนังสือเก่า สปร
บนชั้น
  ขอยืม

รายการใกล้เคียง
    หัวเรื่อง [Pharmacology]
    หัวเรื่อง [เภสัชวิทยา]

BibComment


ยังไม่เคยถูกคอมเมนท์

คอมเมนท์ทรัพยากรรายการนี้
  คอมเมนท์: เภสัชวิทยา เล่ม ..


 Copyright 2026. Bcnsprnw @Library